000 00486nam a22001697a 4500
005 20251108172113.0
008 250721s1988 xx 000 0 ara d
082 1 4 _a551.483/صبا
100 1 _aجبوري، صباح توما
245 1 0 _aعلم المياه و إدارة أحواض الأنهار /
264 1 _aالموصل :
_bجامعة الموصل،
_c1988.
300 _a452ص
650 1 7 _aالماء
650 1 7 _aالأنهار
942 _2ddc
_cBK
999 _c70561
_d70561